000 00795nam a2200241Ia 4500
003 OSt
005 20220925223957.0
006 a|||||r|||| 00| 0
007 ta
008 220923b |||||||| |||| 00| 0 eng d
020 _a9781138921108
_c7293.4399999999996
037 _b2831, 29/08/2017, RESEARCH INDIA PRESS
_cGeneral Book
040 _aRTL
_cRTL
_beng
041 _2eng
_aeng
082 _aU:(G:55):(Z).2, Q7
100 _aGILL Gitanjali Nain
_9290651
245 0 _aEnvironmental Justice in India
_b The National Green Tribunal
260 _aLondon
_bRoutledge
_c2017
300 _axxi, 238p
_ccm.
650 _aGeography
942 _hU:(G:55):(Z).2, Q7
_cGB
_2CC
999 _c580758
_d580758